Southville International School and Colleges
Your cart is empty.
  • Cart
  • Lists
    Public lists Eva Luna New books Lux_list list_1
    Your lists Log in to create your own lists
  • Log in to your account
  • Your cookies
  • Search history
Southville International School and Colleges
  • Advanced search
  • Recent comments
  • Most popular
  • Libraries

Log in to your account

Log in with GOOGLE


If you do not have an external account, but do have a local account, you can still log in:

  1. Home
  2. MARC view: Awareness of people on the need to conserve electricity /
Normal view MARC view ISBD view

Awareness of people on the need to conserve electricity / (Record no. 96173)

[ view plain ]
MARC details
000 -LEADER
fixed length control field 00824nam a2200217 a 4500
003 - CONTROL NUMBER IDENTIFIER
control field 0
005 - DATE AND TIME OF LATEST TRANSACTION
control field 20250616101218.0
008 - FIXED-LENGTH DATA ELEMENTS--GENERAL INFORMATION
fixed length control field 021115s19uu xx 00 eng d
050 ## - LIBRARY OF CONGRESS CALL NUMBER
Classification number PGS TJ 163.3
Item number .Sa252 1999
100 ## - MAIN ENTRY--PERSONAL NAME
Personal name Sasaki, Kent Michael.
245 ## - TITLE STATEMENT
Title Awareness of people on the need to conserve electricity /
Statement of responsibility, etc Kent Michael Sasaki.
260 ## - PUBLICATION, DISTRIBUTION, ETC. (IMPRINT)
Place of publication, distribution, etc Las Piñas City, Philippines :
Name of publisher, distributor, etc Southville International School and Colleges,
Date of publication, distribution, etc 1999.
300 ## - PHYSICAL DESCRIPTION
Extent 50 pages :
Other physical details colored illustrations ;
Dimensions 28 cm.
504 ## - BIBLIOGRAPHY, ETC. NOTE
Bibliography, etc Includes bibliographical references.
650 ## - SUBJECT ADDED ENTRY--TOPICAL TERM
Topical term or geographic name as entry element Energy conservation
Form subdivision Public opinion.
650 ## - SUBJECT ADDED ENTRY--TOPICAL TERM
Topical term or geographic name as entry element Electric power consumption
Form subdivision Social aspects.
650 ## - SUBJECT ADDED ENTRY--TOPICAL TERM
Topical term or geographic name as entry element Electricity
Form subdivision Conservation.
650 ## - SUBJECT ADDED ENTRY--TOPICAL TERM
Topical term or geographic name as entry element Energy policy
Form subdivision Citizen participation.
650 ## - SUBJECT ADDED ENTRY--TOPICAL TERM
Topical term or geographic name as entry element Public opinion
Form subdivision Energy use.
942 ## - ADDED ENTRY ELEMENTS (KOHA)
Source of classification or shelving scheme Library of Congress Classification
Koha item type PASS
Holdings
Withdrawn status Lost status Source of classification or shelving scheme Damaged status Home library Current library Shelving location Date acquired Source of acquisition Total Checkouts Full call number Barcode Date last seen Price effective from Koha item type
    Library of Congress Classification   Luxembourg Library Luxembourg Library Portfolio Assessment of SISC Students Section 11/15/2002 Donation   PGS TJ 163.3 .Sa252 1999 P0091 04/08/2014 04/08/2014 PASS

Awareness of people on the need to conserve electricity /

APA

Sasaki K. M., . (1999). Awareness of people on the need to conserve electricity. Las Piñas City, Philippines: Southville International School and Colleges.

Chicago

Sasaki Kent Michael, . 1999. Awareness of people on the need to conserve electricity. Las Piñas City, Philippines: Southville International School and Colleges.

Harvard

Sasaki K. M., . (1999). Awareness of people on the need to conserve electricity. Las Piñas City, Philippines: Southville International School and Colleges.

MLA

Sasaki Kent Michael, . Awareness of people on the need to conserve electricity. Las Piñas City, Philippines: Southville International School and Colleges. 1999.

  • Print
  • Cite
  • Add to your cart (remove)
  • Save record
    BIBTEX Dublin Core MARCXML MARC (non-Unicode/MARC-8) MARC (Unicode/UTF-8) MARC (Unicode/UTF-8, Standard) MODS (XML) RIS
  • More searches
    Search for this title in:
    Other Libraries (WorldCat) Other Databases (Google Scholar) Online Stores (Bookfinder.com) Open Library (openlibrary.org)

Exporting to Dublin Core...

SOUTHVILLE LIBRARY

Southville International School and Colleges Library

1281 Tropical Ave. Cor. Luxembourg St., BF Homes International, Las Pinas City

Tel. No. 8256374 / 252358 Loc. 117/146

Powered by Koha